Emerging powers in Africa :a new wave in the relationship? / (Record no. 4378)

000 -LEADER
fixed length control field 00774cam a22002535i 4500
001 - CONTROL NUMBER
control field 19358002
003 - CONTROL NUMBER IDENTIFIER
control field OSt
005 - DATE AND TIME OF LATEST TRANSACTION
control field 20241114160134.0
008 - FIXED-LENGTH DATA ELEMENTS--GENERAL INFORMATION
fixed length control field 161031s2016 nyu 000 0 eng
010 ## - LIBRARY OF CONGRESS CONTROL NUMBER
LC control number 2016958285
020 ## - INTERNATIONAL STANDARD BOOK NUMBER
International Standard Book Number 9783319407357
040 ## - CATALOGING SOURCE
Original cataloging agency DLC
Language of cataloging eng
Transcribing agency DLC
Description conventions rda
Modifying agency DLC
042 ## - AUTHENTICATION CODE
Authentication code pcc
050 ## - LIBRARY OF CONGRESS CALL NUMBER
Classification number DT30.4.E447 2016
245 10 - TITLE STATEMENT
Title Emerging powers in Africa :a new wave in the relationship? /
Statement of responsibility, etc Justin Van der Merwe, Alexandra Arkhangelskaya & Ian Taylor
260 ## - PUBLICATION, DISTRIBUTION, ETC. (IMPRINT)
Place of publication, distribution, etc Switzerland
Name of publisher, distributor, etc Palgrave Macmillan
Date of publication, distribution, etc 2016
263 ## - PROJECTED PUBLICATION DATE
Projected publication date 1612
300 ## - PHYSICAL DESCRIPTION
Extent XXI, 268 pages
Dimensions 21CM
700 ## - ADDED ENTRY--PERSONAL NAME
Personal name Taylor, Ian
Relator term editor
700 ## - ADDED ENTRY--PERSONAL NAME
Personal name Arkhangelskaya, Alexandra
Relator term editor
906 ## - LOCAL DATA ELEMENT F, LDF (RLIN)
a 0
b ibc
c orignew
d 2
e epcn
f 20
g y-gencatlg
942 ## - ADDED ENTRY ELEMENTS (KOHA)
Source of classification or shelving scheme
Koha item type Book
Holdings
Withdrawn status Lost status Source of classification or shelving scheme Damaged status Not for loan Home library Current library Shelving location Date acquired Total Checkouts Full call number Barcode Date last seen Copy number Price effective from Koha item type Total Renewals Date checked out
          Riara University Library Riara University Library General stack 12/11/2024   DT30.4.E447 2016 10724/24 14/11/2024 C.1 14/11/2024 Book    
          Riara University Library Riara University Library General stack 12/11/2024 5 DT30.4.E447 2016 10725/24 20/11/2025 C.2 14/11/2024 Book 2 30/10/2025

Riara University Library,
P.O. Box 49940-00100,
Nairobi, Kenya.